000 00657nam a22002052 4500
001 0000009098
005 20151217152049.0
008 080902s xx 000 0 eng d
020 _a996694012x :
_cKES 1710
040 _aKABU
_cKABU
100 1 _aKinyanjui, Karanja.
_@0000160121
245 1 0 _aHow our courts work :
_bthe administrative practice of the Kenyan courts /
_cKaranja Kinyanjui.
260 _aNairobi :
_bTransafrica Press.
300 _axxiii, 307 p.
650 0 _aCourts
_zKenya.
_@0000160122
650 0 _aCourt administration
_zKenya.
_@0000160123
908 _a080902
950 _@1
999 _c7779
_d7779